• 首页
  • 本馆介绍
  • 公告通知
  • 最新文献
  • 馆藏检索
  • 电子资源
  • 读者荐购
  • 参考咨询
  • CALIS
  • 我的图书馆
  • 登录
  • 详细信息显示
  • 放入我的书架
  • 预约/预借图书
  • 作者相关作品
  • 分类相关作品
  • 丛书相关作品
  • 出版社相关作品

书目信息

  • 表格格式
  • 工作单格式
  • 卡片格式
题名:
环境行政管理学
    
 
作者: 欧祝平 , 肖建华 , 郭雄伟 著
分册:  
出版信息: 北京   中国林业出版社  2004.9
页数: 310页
开本: 23cm
丛书名: “生态旅游与法律”丛书
单 册:
中图分类: X32
科图分类:
主题词: 环境管理--huan jing guan li--行政管理 , 环境管理--huan jing guan li , 行政管理--xing zheng guan li
电子资源:
ISBN: 7-5038-3835-3
 
 
 
 
 
000 01246nam0 2200361 450
000 01275nam0 2200361 450
000 01238nam0 2200349 450
000 01221nam0 2200349 450
000 01184nam 2200337 450
001 CAL 012006006986
005 20061031112240.56
010    @a7-5038-3835-3@dCNY31.00
099    @aCAL 012006006986
100    @a20060830d2004 em y0chiy0120 ea
101 0  @achi
102    @aCN@b110000
105    @ay a 000yy
200 1  @a环境行政管理学@Ahuan jing xing zheng guan li xue@f欧祝平, 肖建华, 郭雄伟著
210    @a北京@c中国林业出版社@d2004.9
215    @a310页@d23cm
225 2  @a“生态旅游与法律”丛书@A“ sheng tai lu^ you yu fa lu^” cong shu@f李长荣主编
320    @a有书目 (第307-309页)
330    @a本书主要内容包括: 环境行政组织; 环境行政决策; 环境政策执行; 环境政策评估; 环境政策终结; 环境行政监督等。
410  0 @12001 @a“生态旅游与法律”丛书
606 0  @a环境管理@Ahuan jing guan li@x行政管理
606 0  @a环境管理@Ahuan jing guan li
606 0  @a行政管理@Axing zheng guan li
690    @aX32@v4
701  0 @a欧祝平@Aou zhu ping@4著
701  0 @a肖建华@Axiao jian hua@4著
701  0 @a郭雄伟@Aguo xiong wei@4著
801  0 @aCN@c20061031
905    @a10447@dX32@eO610
    
    环境行政管理学/欧祝平, 肖建华, 郭雄伟著.-北京:中国林业出版社,2004.9
    310页;23cm.-(“生态旅游与法律”丛书/李长荣主编)
    
    
    ISBN 7-5038-3835-3:CNY31.00
    本书主要内容包括: 环境行政组织; 环境行政决策; 环境政策执行; 环境政策评估; 环境政策终结; 环境行政监督等。
●
相关链接 在E读中查询图书 在当当中查询图书 在豆瓣中查询图书


正题名:环境行政管理学     索取号:X32/O610         预约/预借

序号 登录号 条形码 馆藏地/架位号 状态 备注
1 630647   206306479   自科库501/501自科库 65排6列2层/ [索取号:X32/O610] 在馆    
2 630648   206306488   自科库501/501自科库 65排6列2层/ [索取号:X32/O610] 在馆    
河南城建学院图书馆 欢迎您!
大连网信软件有限公司© 版权所有